000 00385nam a2200157Ia 4500
008 230524s9999 xx 000 0 und d
082 _a241.644
_bCHA
100 _aPoornima M. Charantimath
245 0 _aTotal Quality Management
250 _a2ND
260 _aNEW DELHI
_bPearson
_c2006
300 _aXI;587
500 _aQuantity Number: 2
650 _aManagement
942 _cBK
999 _c49324
_d49324